Größte Städte in Sachsen-Anhalt (mit Karte) - Statistiken

Allgemein
  • Dieses Quiz wurde 6.877 mal gespielt
    5.271 seit der letzten Aktualisierung
  • Das Durchschnittsergebnis liegt bei 18 aus 50
Antworten auf der Karte
Die Antworten werden auf der Karte rot bzw. grün angezeigt, abhängig davon wie oft sie richtig erraten wurden.
 
Antwortstatistiken
Einwohner Kreis Stadt % Korrekt
236.188 Kreisfrei Magdeburg
98%
238.061 Kreisfrei Halle (Saale)
93%
78.731 Kreisfrei Dessau-Roßlau
74%
38.359 Stendal Stendal
63%
44.984 Wittenberg Wittenberg
63%
38.682 Harz Halberstadt
52%
32.027 Harz Wernigerode
52%
37.047 Anhalt-Bitterfeld Bitterfeld-Wolfen
51%
23.341 Harz Quedlinburg
51%
22.999 Altmarkkreis Salzwedel Salzwedel
48%
31.815 Burgenlandkreis Naumburg (Saale)
47%
24.876 Anhalt-Bitterfeld Köthen
46%
22.254 Jerichower Land Burg
45%
33.641 Saalekreis Merseburg
45%
26.328 Salzlandkreis Aschersleben
43%
32.000 Salzlandkreis Bernburg (Saale)
42%
39.745 Burgenlandkreis Weißenfels
42%
22.404 Mansfeld-Südharz Eisleben
41%
27.003 Burgenlandkreis Zeitz
38%
19.193 Börde Oschersleben (Bode)
36%
25.419 Mansfeld-Südharz Sangerhausen
36%
30.067 Salzlandkreis Schönebeck (Elbe)
34%
21.234 Anhalt-Bitterfeld Zerbst/Anhalt
33%
16.994 Harz Thale
32%
19.248 Harz Blankenburg (Harz)
31%
21.980 Altmarkkreis Salzwedel Gardelegen
31%
19.028 Börde Haldensleben
30%
13.899 Saalekreis Leuna
30%
24.265 Salzlandkreis Staßfurt
30%
11.494 Wittenberg Coswig (Anhalt)
26%
14.150 Wittenberg Jessen (Elster)
25%
13.821 Börde Wanzleben-Börde
25%
10.544 Stendal Tangerhütte
24%
11.371 Börde Wolmirstedt
23%
13.402 Jerichower Land Genthin
22%
13.623 Mansfeld-Südharz Hettstedt
21%
10.452 Jerichower Land Gommern
20%
14.960 Saalekreis Landsberg
20%
11.389 Saalekreis Bad Dürrenberg
19%
11.413 Wittenberg Gräfenhainichen
18%
12.778 Jerichower Land Möckern
18%
10.937 Saalekreis Schkopau
18%
18.703 Börde Hohe Börde
17%
11.012 Harz Osterwieck
17%
13.544 Börde Oebisfelde-Weferlingen
16%
14.302 Anhalt-Bitterfeld Sandersdorf-Brehna
16%
13.146 Anhalt-Bitterfeld Südliches Anhalt
15%
12.793 Saalekreis Teutschenthal
15%
11.325 Saalekreis Salzatal
13%
11.557 Anhalt-Bitterfeld Muldestausee
12%
Keine übereinstimmenden Quizze gefunden
Verteilung der Resultate
Anzahl Personen mit jedem Resultat
Perzentil nach korrekt beantworteten Fragen
Ihre Resultats-Entwicklung
Sie haben dieses Quiz seit der letzten Aktualisierung nicht gespielt